000 01221nam a2200241Ia 4500
003 Ost
005 20260507075238.0
008 260507s9999||||xx |||||||||||||| ||und||
020 _a2872299579
040 _cfsecg
041 _aara
082 _a330
100 _aالعربي، حسام
_eمؤلف
245 0 _aالتخطيط الاداري /
_c حسام العربي
260 _aعمان:
_bدار اسامة,
_c2010
300 _a256 صفحة؛
_c24 سم
504 _aمراجع ص.254
520 _aالتخطيط : المفهوم ، النشأة ، الاسباب ، أهمية التخطيط الاداري ، أنواع التخطيط و تفاصيل الخطط ،مراحل التخطيط الاداري الناجح ، التخطيط و إدارة الوقت ، التخطيط و عملية التفاوض ، التخطيط و إدارة الانتاج و العمليات ، التخطيط و إدارة الجودة الشاملة ، التخطيط و التسويق و الاستثمار ، التخطيط و إدارة الازمات و الاستثمار.
653 _aإدارة الاعمال
653 _aالتخطيط
653 _aالتخطيط الاداري
942 _cكتاب
999 _c43603
_d43603